| 000 | 00542nam a2200193Ia 4500 | ||
|---|---|---|---|
| 003 | GCL | ||
| 008 | 140319s9999 xx 000 0 eng d | ||
| 040 |
_aGCL / _cGCL |
||
| 082 | 0 | 4 |
_a686.2254536 _bT G |
| 100 | 1 | _aTOOR, MARCELL LAPOW | |
| 245 | 1 | 0 |
_aGRAPHIC DESIGN ON THE DESKTOP: A GUIDE FOR THE NON - DESIGNER . / _cTOOR, MARCELL LAPOW |
| 260 |
_a[S.N] : _bVAN NOSTRAND COMPANY ، _c1994 |
||
| 300 | _a250 P | ||
| 650 | 0 | 4 | _aDESKTOP PUBLISHING |
| 650 | 0 | 4 | _aARTS |
| 650 | 0 | 4 | _aPAINTING |
| 650 | 0 | 4 | _aGRAPHIC - DESIGN |
| 942 |
_2ddc _cBK |
||
| 999 |
_c15664 _d15664 |
||